Objekt vybavenosti, Zimný prístav, Bratislava

Gespeichert in:
Bibliographische Detailangaben
1. Verfasser: Šeliga, František (Verfasst von)
Weitere Verfasser: Schleicher, Alexander (Betreuung Doktorarbeit)
Format: Manuskript Buch
Sprache:Slowakisch
Veröffentlicht: Bratislava 2019
Schlagworte:
Online-Zugang:http://is.stuba.sk/zp/portal_zp.pl?podrobnosti=146794
Tags: Tag hinzufügen
Keine Tags, Fügen Sie das erste Tag hinzu!

MARC

LEADER 00000ntm a22000003a 4500
001 stuzp73708
003 SK-STU
005 20200910110751.5
007 ta
008 150427s2015----xo-----f-mn---000-0-slo-d
040 |a STU  |b slo 
041 0 |a slo 
100 1 |a Šeliga, František  |u 058180  |k Z4  |4 aut  |U FAD Fakulta architektúry  |T FA Ústav architektúry občianskych budov  |X 65429  |U A8180  |Y 399  |7 65429 
242 0 1 |a Public Building, Winter Harbour, Bratislava  |y eng 
245 1 0 |a Objekt vybavenosti, Zimný prístav, Bratislava 
260 |c 2019  |a Bratislava 
650 4 |a svetlo  |2 slo 
650 4 |a voda  |2 slo 
650 4 |a muzeum  |2 slo 
650 4 |a light  |2 eng 
650 4 |a water  |2 eng 
650 4 |a museum  |2 eng 
700 1 |a Schleicher, Alexander  |u 058180  |k Z1  |4 ths  |U FAD Fakulta architektúry  |T FA Ústav architektúry občianskych budov  |X 472  |U A8180  |Y 399  |7 A000000472 
856 4 |u http://is.stuba.sk/zp/portal_zp.pl?podrobnosti=146794  |u https://opac.crzp.sk/?fn=detailBiblioForm&sid=9F8942B94996237AAAFF19F666DC